<?xml version="1.0" encoding="UTF-8"?>
<record
    xmlns:xsi="http://www.w3.org/2001/XMLSchema-instance"
    xsi:schemaLocation="http://www.loc.gov/MARC21/slim http://www.loc.gov/standards/marcxml/schema/MARC21slim.xsd"
    xmlns="http://www.loc.gov/MARC21/slim">

  <leader>00680nac a22002171u 4500</leader>
  <controlfield tag="008">080804m19721976xxu||||| |||| 00| 0 eng d</controlfield>
  <datafield tag="020" ind1=" " ind2=" ">
    <subfield code="a">8123904010</subfield>
  </datafield>
  <datafield tag="020" ind1=" " ind2=" ">
    <subfield code="a">0713132698 </subfield>
  </datafield>
  <datafield tag="020" ind1=" " ind2=" ">
    <subfield code="a">8123904118</subfield>
  </datafield>
  <datafield tag="020" ind1=" " ind2=" ">
    <subfield code="a">0713132728</subfield>
  </datafield>
  <datafield tag="082" ind1=" " ind2=" ">
    <subfield code="a">670.423</subfield>
    <subfield code="b">CHA</subfield>
    <subfield code="2">22</subfield>
  </datafield>
  <datafield tag="100" ind1=" " ind2=" ">
    <subfield code="a">Chapman, W.A.J.              </subfield>
    <subfield code="9">5665</subfield>
  </datafield>
  <datafield tag="245" ind1=" " ind2=" ">
    <subfield code="a">Workshop technology /</subfield>
    <subfield code="c">W. A.J. Chapman</subfield>
  </datafield>
  <datafield tag="250" ind1=" " ind2=" ">
    <subfield code="a">5th ed. vol.1, 4th ed. vol2.</subfield>
    <subfield code="b">In SI units</subfield>
  </datafield>
  <datafield tag="260" ind1=" " ind2=" ">
    <subfield code="a">New Delhi:</subfield>
    <subfield code="b">CBS,</subfield>
    <subfield code="c">c1972- 1976</subfield>
  </datafield>
  <datafield tag="300" ind1=" " ind2=" ">
    <subfield code="a">3 vol. various p. :</subfield>
    <subfield code="b">ill. ;</subfield>
    <subfield code="c">21 cm</subfield>
  </datafield>
  <datafield tag="500" ind1=" " ind2=" ">
    <subfield code="a">Includes index.</subfield>
  </datafield>
  <datafield tag="520" ind1="1" ind2=" ">
    <subfield code="a">[vol.1 An introductory course]-- [vol.3 ].</subfield>
  </datafield>
  <datafield tag="650" ind1=" " ind2=" ">
    <subfield code="a">Machine-shop practice</subfield>
    <subfield code="9">5666</subfield>
  </datafield>
  <datafield tag="942" ind1=" " ind2=" ">
    <subfield code="c">BB</subfield>
    <subfield code="k">670.423 CHA</subfield>
    <subfield code="2">ddc</subfield>
  </datafield>
  <datafield tag="999" ind1=" " ind2=" ">
    <subfield code="c">442</subfield>
    <subfield code="d">442</subfield>
  </datafield>
  <datafield tag="952" ind1=" " ind2=" ">
    <subfield code="0">0</subfield>
    <subfield code="1">0</subfield>
    <subfield code="2">ddc</subfield>
    <subfield code="4">0</subfield>
    <subfield code="7">0</subfield>
    <subfield code="8"> </subfield>
    <subfield code="a">MAIN</subfield>
    <subfield code="b">MAIN</subfield>
    <subfield code="c">1ST</subfield>
    <subfield code="d">2015-05-06</subfield>
    <subfield code="e">purchase</subfield>
    <subfield code="g">64.00</subfield>
    <subfield code="l">4</subfield>
    <subfield code="o">670.423 CHA</subfield>
    <subfield code="p">000004183</subfield>
    <subfield code="r">2025-07-15 00:00:00</subfield>
    <subfield code="v">80.00</subfield>
    <subfield code="y">BB</subfield>
    <subfield code="z">vol.1</subfield>
  </datafield>
  <datafield tag="952" ind1=" " ind2=" ">
    <subfield code="0">0</subfield>
    <subfield code="1">0</subfield>
    <subfield code="2">ddc</subfield>
    <subfield code="4">0</subfield>
    <subfield code="7">0</subfield>
    <subfield code="8"> </subfield>
    <subfield code="a">MAIN</subfield>
    <subfield code="b">MAIN</subfield>
    <subfield code="c">1ST</subfield>
    <subfield code="d">2008-07-24</subfield>
    <subfield code="e">purchase</subfield>
    <subfield code="g">64.00</subfield>
    <subfield code="l">1</subfield>
    <subfield code="o">670.423 CHA</subfield>
    <subfield code="p">000011709</subfield>
    <subfield code="r">2025-07-15 00:00:00</subfield>
    <subfield code="s">2009-03-29</subfield>
    <subfield code="v">80.00</subfield>
    <subfield code="y">BB</subfield>
    <subfield code="z"> vol.1</subfield>
  </datafield>
  <datafield tag="952" ind1=" " ind2=" ">
    <subfield code="0">0</subfield>
    <subfield code="1">0</subfield>
    <subfield code="2">ddc</subfield>
    <subfield code="4">0</subfield>
    <subfield code="7">0</subfield>
    <subfield code="8"> </subfield>
    <subfield code="a">MAIN</subfield>
    <subfield code="b">MAIN</subfield>
    <subfield code="c">1ST</subfield>
    <subfield code="d">2011-03-07</subfield>
    <subfield code="e">purchase</subfield>
    <subfield code="g">64.00</subfield>
    <subfield code="l">1</subfield>
    <subfield code="m">2</subfield>
    <subfield code="o">670.423 CHA </subfield>
    <subfield code="p">000001374</subfield>
    <subfield code="r">2025-07-15 00:00:00</subfield>
    <subfield code="s">2015-10-27</subfield>
    <subfield code="v">80.00</subfield>
    <subfield code="y">BB</subfield>
    <subfield code="z">vol.1</subfield>
  </datafield>
  <datafield tag="952" ind1=" " ind2=" ">
    <subfield code="0">0</subfield>
    <subfield code="1">0</subfield>
    <subfield code="2">ddc</subfield>
    <subfield code="4">0</subfield>
    <subfield code="7">0</subfield>
    <subfield code="8"> </subfield>
    <subfield code="a">MAIN</subfield>
    <subfield code="b">MAIN</subfield>
    <subfield code="c">1ST</subfield>
    <subfield code="d">2012-03-07</subfield>
    <subfield code="e">purchase</subfield>
    <subfield code="g">64.00</subfield>
    <subfield code="l">0</subfield>
    <subfield code="o">670.423 CHA</subfield>
    <subfield code="p">000001172</subfield>
    <subfield code="r">2025-07-15 00:00:00</subfield>
    <subfield code="v">80.00</subfield>
    <subfield code="y">BB</subfield>
    <subfield code="z">vol.1</subfield>
  </datafield>
  <datafield tag="952" ind1=" " ind2=" ">
    <subfield code="0">0</subfield>
    <subfield code="1">0</subfield>
    <subfield code="2">ddc</subfield>
    <subfield code="4">0</subfield>
    <subfield code="7">0</subfield>
    <subfield code="8"> </subfield>
    <subfield code="a">MAIN</subfield>
    <subfield code="b">MAIN</subfield>
    <subfield code="c">1ST</subfield>
    <subfield code="d">2008-07-24</subfield>
    <subfield code="e">purchase</subfield>
    <subfield code="g">64.00</subfield>
    <subfield code="l">2</subfield>
    <subfield code="m">15</subfield>
    <subfield code="o">670.423 CHA</subfield>
    <subfield code="p">000013405</subfield>
    <subfield code="r">2025-07-15 00:00:00</subfield>
    <subfield code="s">2015-10-27</subfield>
    <subfield code="v">80.00</subfield>
    <subfield code="y">BB</subfield>
    <subfield code="z"> vol.1</subfield>
  </datafield>
  <datafield tag="952" ind1=" " ind2=" ">
    <subfield code="0">0</subfield>
    <subfield code="1">0</subfield>
    <subfield code="2">ddc</subfield>
    <subfield code="4">0</subfield>
    <subfield code="7">0</subfield>
    <subfield code="8">Alahram</subfield>
    <subfield code="a">MAIN</subfield>
    <subfield code="b">MAIN</subfield>
    <subfield code="c">1ST</subfield>
    <subfield code="d">2009-02-09</subfield>
    <subfield code="e">purchase</subfield>
    <subfield code="g">64.00</subfield>
    <subfield code="h">06387</subfield>
    <subfield code="l">0</subfield>
    <subfield code="o">670.423 CHA </subfield>
    <subfield code="p">000014734</subfield>
    <subfield code="r">2025-07-15 00:00:00</subfield>
    <subfield code="v">80.00</subfield>
    <subfield code="y">BB</subfield>
    <subfield code="z">vol.1</subfield>
  </datafield>
  <datafield tag="952" ind1=" " ind2=" ">
    <subfield code="0">0</subfield>
    <subfield code="1">0</subfield>
    <subfield code="2">ddc</subfield>
    <subfield code="4">0</subfield>
    <subfield code="7">0</subfield>
    <subfield code="8">Alahram</subfield>
    <subfield code="a">MAIN</subfield>
    <subfield code="b">MAIN</subfield>
    <subfield code="c">1ST</subfield>
    <subfield code="d">2009-05-31</subfield>
    <subfield code="e">purchase</subfield>
    <subfield code="g">64.00</subfield>
    <subfield code="h">358</subfield>
    <subfield code="l">0</subfield>
    <subfield code="o">670.423 CHA </subfield>
    <subfield code="p">000016416</subfield>
    <subfield code="r">2025-07-15 00:00:00</subfield>
    <subfield code="v">80.00</subfield>
    <subfield code="y">BB</subfield>
    <subfield code="z">vol.1</subfield>
  </datafield>
  <datafield tag="952" ind1=" " ind2=" ">
    <subfield code="0">0</subfield>
    <subfield code="1">0</subfield>
    <subfield code="2">ddc</subfield>
    <subfield code="4">0</subfield>
    <subfield code="7">0</subfield>
    <subfield code="8"> </subfield>
    <subfield code="a">MAIN</subfield>
    <subfield code="b">MAIN</subfield>
    <subfield code="c">1ST</subfield>
    <subfield code="d">2009-05-31</subfield>
    <subfield code="e">purchase</subfield>
    <subfield code="g">64.00</subfield>
    <subfield code="l">0</subfield>
    <subfield code="o">670.423 CHA </subfield>
    <subfield code="p">000013407</subfield>
    <subfield code="r">2025-07-15 00:00:00</subfield>
    <subfield code="v">80.00</subfield>
    <subfield code="y">BB</subfield>
    <subfield code="z">vol2</subfield>
  </datafield>
  <datafield tag="952" ind1=" " ind2=" ">
    <subfield code="0">0</subfield>
    <subfield code="1">0</subfield>
    <subfield code="2">ddc</subfield>
    <subfield code="4">0</subfield>
    <subfield code="7">0</subfield>
    <subfield code="8"> </subfield>
    <subfield code="a">MAIN</subfield>
    <subfield code="b">MAIN</subfield>
    <subfield code="c">1ST</subfield>
    <subfield code="d">2009-05-31</subfield>
    <subfield code="e">purchase</subfield>
    <subfield code="g">64.00</subfield>
    <subfield code="l">0</subfield>
    <subfield code="o">670.423 CHA</subfield>
    <subfield code="p">000003457</subfield>
    <subfield code="r">2025-07-15 00:00:00</subfield>
    <subfield code="v">80.00</subfield>
    <subfield code="y">BB</subfield>
    <subfield code="z"> vol.2</subfield>
  </datafield>
  <datafield tag="952" ind1=" " ind2=" ">
    <subfield code="0">0</subfield>
    <subfield code="1">0</subfield>
    <subfield code="2">ddc</subfield>
    <subfield code="4">0</subfield>
    <subfield code="7">0</subfield>
    <subfield code="a">MAIN</subfield>
    <subfield code="b">MAIN</subfield>
    <subfield code="c">1ST</subfield>
    <subfield code="d">2009-05-31</subfield>
    <subfield code="e">Purchase</subfield>
    <subfield code="g">64.00</subfield>
    <subfield code="l">0</subfield>
    <subfield code="o">670.423 CHA </subfield>
    <subfield code="p">000030505</subfield>
    <subfield code="r">2025-07-15 00:00:00</subfield>
    <subfield code="v">80.00</subfield>
    <subfield code="y">BB</subfield>
    <subfield code="z">vol.2</subfield>
  </datafield>
  <datafield tag="952" ind1=" " ind2=" ">
    <subfield code="0">0</subfield>
    <subfield code="1">0</subfield>
    <subfield code="2">ddc</subfield>
    <subfield code="4">0</subfield>
    <subfield code="7">0</subfield>
    <subfield code="8">Alahram</subfield>
    <subfield code="a">MAIN</subfield>
    <subfield code="b">MAIN</subfield>
    <subfield code="c">1ST</subfield>
    <subfield code="d">2009-05-31</subfield>
    <subfield code="e">purchase</subfield>
    <subfield code="g">64.00</subfield>
    <subfield code="h">6400</subfield>
    <subfield code="l">0</subfield>
    <subfield code="o">670.423 CHA </subfield>
    <subfield code="p">000014732</subfield>
    <subfield code="r">2025-07-15 00:00:00</subfield>
    <subfield code="v">80.00</subfield>
    <subfield code="y">BB</subfield>
    <subfield code="z">vol.2</subfield>
  </datafield>
  <datafield tag="952" ind1=" " ind2=" ">
    <subfield code="0">0</subfield>
    <subfield code="1">0</subfield>
    <subfield code="2">ddc</subfield>
    <subfield code="4">0</subfield>
    <subfield code="7">0</subfield>
    <subfield code="8">Alahram</subfield>
    <subfield code="a">MAIN</subfield>
    <subfield code="b">MAIN</subfield>
    <subfield code="c">1ST</subfield>
    <subfield code="d">2009-05-31</subfield>
    <subfield code="e">purchase</subfield>
    <subfield code="g">64.00</subfield>
    <subfield code="h">358</subfield>
    <subfield code="l">0</subfield>
    <subfield code="o">670.423 CHA</subfield>
    <subfield code="p">000016417</subfield>
    <subfield code="r">2025-07-15 00:00:00</subfield>
    <subfield code="v">80.00</subfield>
    <subfield code="y">BB</subfield>
    <subfield code="z"> vol.2</subfield>
  </datafield>
  <datafield tag="952" ind1=" " ind2=" ">
    <subfield code="0">0</subfield>
    <subfield code="1">0</subfield>
    <subfield code="2">ddc</subfield>
    <subfield code="4">0</subfield>
    <subfield code="7">0</subfield>
    <subfield code="8"> </subfield>
    <subfield code="a">MAIN</subfield>
    <subfield code="b">MAIN</subfield>
    <subfield code="c">1ST</subfield>
    <subfield code="d">2010-08-03</subfield>
    <subfield code="e">purchase</subfield>
    <subfield code="g">64.00</subfield>
    <subfield code="l">1</subfield>
    <subfield code="m">1</subfield>
    <subfield code="o">670.423 CHA</subfield>
    <subfield code="p">000021613</subfield>
    <subfield code="r">2025-07-15 00:00:00</subfield>
    <subfield code="s">2015-12-06</subfield>
    <subfield code="v">80.00</subfield>
    <subfield code="y">BB</subfield>
    <subfield code="z">Vol. 2</subfield>
  </datafield>
</record>
